O Rato do Campo e o Rato da Cidade (Registo nº 200038)

Detalhes MARC
000 -Etiqueta do registo
Valores 00790nam 22002653 4500
010 ## - Número ISBN
ISBN 978-972-8516-77-2
021 ## - Número do Depósito Legal
Código do país Portugal
Número 258 812(07
100 ## - Dados gerais de processamento
Dados gerais 20260120d u||y0pory50 ba
101 ## - Língua de publicação
Língua Português
102 ## - País de publicação
País Portugal
200 ## - Titulo e menção de responsabilidade
Título próprio O Rato do Campo e o Rato da Cidade
Primeira menção de responsabilidade Margarida Braga (adapt.)
Outras menções de responsabilidade Ilustração de Ricardo Neto
205 ## - Menção da edição
Edição
210 ## - Publicação
Local de publicação Lisboa
Nome do editor Papa-Letras
Data de publicação 2007
215 ## - Descrição física 
Paginação / Volumes 16 p. ; il.
Outras indicações físicas Brochado
Dimensões 21 cm
225 ## - Colecção 
Título próprio da colecção Mini Contos Clássicos
Indicação de volume 21
300 ## - Notas gerais 
Texto da nota Infantil
606 ## - Nome comum usado como assunto
ID Autoridade 22
Palavra de ordem Literatura Infantil Portuguesa
675 ## - CDU
Notação 821.134.3-34-93/BRA/RAT
Edição PT
Língua por
700 ## - Autor principal (pessoa individual)
ID Autoridade 3706
Apelido Braga
Nome Margarida
702 ## - Autor secundário (pessoa individual)
ID Autoridade 3707
Apelido Neto
Nome Ricardo
801 ## - Fonte de origem
País PT
Agência BMMN
Regras de catalogação RPC
830 ## - Notas gerais do catalogador
Criado por Carlos Pinto
Data de criação 20-01-2026
Indexado por Carlos Pinto
990 ## - Elementos KOHA
Tipo de documento Livro
Exemplares
Situação do levantamento Biblioteca de origem Código de barras Cota Permissão de empréstimo Tipo de documento Forma de aquisição
  Biblioteca Escolar nº 2 29104 821.134.3-34-93/BRA/RAT   Livro Oferta

Powered by Koha